Torres de refrigeración

Sparad:
Bibliografiska uppgifter
Huvudupphovsmän: Miranda Barreras, Angel Luis (autor), Rufes Martínez, Pedro (Författare, medförfattare)
Materialtyp: Bok
Språk:spanska
Publicerad: Barcelona Ceac 1997
Serie:Monografías de Climatización y Ahorro Energético
Ämnen:
Taggar: Lägg till en tagg
Inga taggar, Lägg till första taggen!

MARC

LEADER 00000nam a2200000 a 4500
001 UCL2152
003 CL-VaPUC
008 031010e19970000SP |||||||||||||||||spa|d
020 |a 8432965561 
082 0 4 |a 697.9322  |b MIR  |2 21 
100 |a Miranda Barreras, Angel Luis  |e autor  |9 553634 
700 0 |a Rufes Martínez, Pedro  |e author  |9 479168 
245 1 0 |a Torres de refrigeración 
300 |a 116 p 
942 |c BK 
945 |d 20031010 00:00:00  |a cmena 
260 |a Barcelona  |b Ceac  |c 1997 
500 |a Incluye diskette: Prgrama Torres para DOS 
650 0 |a Refrigeración  |9 259343 
650 0 |a Climatización  |9 404757 
650 0 |a Transferencia de calor  |9 336631 
583 |a last modification  |c 20031010 00:00:00  |k Rodrigo Vera 
490 0 |a Monografías de Climatización y Ahorro Energético 
999 |c 305511  |d 305509 
952 |0 0  |1 0  |4 0  |6 697_932200000000000_MIR_1997  |7 0  |8 A  |9 369455  |a BIBMEC  |b BIBMEC  |d 2019-11-21  |i 3949729  |o 697.9322 MIR 1997  |p 3949729  |r 2024-01-19  |w 2019-11-21  |y BK  |k MEC